The Illustrated encyclopedia of astronomy and space / (Запис № 510408)

МАРК-запис
000 -LEADER
fixed length control field 01483cam a2200361 i 4500
001 - CONTROL NUMBER
control field illustratedencyc00ridp
003 - CONTROL NUMBER IDENTIFIER
control field CaSfIA
005 - DATE AND TIME OF LATEST TRANSACTION
control field 20210118102242.0
007 - PHYSICAL DESCRIPTION FIXED FIELD--GENERAL INFORMATION
fixed length control field cr||||
008 - FIXED-LENGTH DATA ELEMENTS--GENERAL INFORMATION
fixed length control field 790821s1979 nyuaf d 001 0 eng
010 ## - LIBRARY OF CONGRESS CONTROL NUMBER
LC control number 79007098
040 ## - CATALOGING SOURCE
Original cataloging agency DLC
Transcribing agency DLC
Modifying agency OCLCQ
-- BTCTA
-- BAKER
-- VVW
-- CaSfIA
020 ## - INTERNATIONAL STANDARD BOOK NUMBER
International Standard Book Number 069001838X :
Terms of availability $17.95
020 ## - INTERNATIONAL STANDARD BOOK NUMBER
International Standard Book Number 9780690018387
035 ## - SYSTEM CONTROL NUMBER
System control number (OCoLC)5353775
050 00 - LIBRARY OF CONGRESS CALL NUMBER
Classification number QB14
Item number .I44 1979
082 ## - DEWEY DECIMAL CLASSIFICATION NUMBER
Classification number 520/.3
029 1# - (OCLC)
OCLC library identifier NLGGC
System control number 791256197
029 1# - (OCLC)
OCLC library identifier AU@
System control number 000001509000
245 04 - TITLE STATEMENT
Title The Illustrated encyclopedia of astronomy and space /
Medium [electronic resource]
Statement of responsibility, etc editor, Ian Ridpath.
250 ## - EDITION STATEMENT
Edition statement Rev. ed.
260 ## - PUBLICATION, DISTRIBUTION, ETC. (IMPRINT)
Place of publication, distribution, etc New York :
Name of publisher, distributor, etc Crowell,
Date of publication, distribution, etc c1979.
300 ## - PHYSICAL DESCRIPTION
Extent 240 p., [4] leaves of plates :
Other physical details ill. ;
Dimensions 28 cm.
500 ## - GENERAL NOTE
General note Includes index.
506 ## - RESTRICTIONS ON ACCESS NOTE
Standardized terminology for access restriction Необхідна авторизація на https://archive.org/ (створення облікового запису безкоштовно)
506 ## - RESTRICTIONS ON ACCESS NOTE
Standardized terminology for access restriction Необхідна авторизація на https://openlibrary.org/ (створення облікового запису безкоштовно)
650 #0 - SUBJECT ADDED ENTRY--TOPICAL TERM
Topical term or geographic name as entry element Astronomy
Form subdivision Dictionaries.
650 #0 - SUBJECT ADDED ENTRY--TOPICAL TERM
Topical term or geographic name as entry element Astronautics
Form subdivision Dictionaries.
700 1# - ADDED ENTRY--PERSONAL NAME
Personal name Ridpath, Ian.
856 41 - ELECTRONIC LOCATION AND ACCESS
Uniform Resource Identifier <a href="http://www.archive.org/details/illustratedencyc00ridp">http://www.archive.org/details/illustratedencyc00ridp</a>
Public note Free eBook from the Internet Archive
856 42 - ELECTRONIC LOCATION AND ACCESS
Uniform Resource Identifier <a href="http://www.openlibrary.org/books/OL4404623M">http://www.openlibrary.org/books/OL4404623M</a>
Public note Additional information and access via Open Library
942 ## - ADDED ENTRY ELEMENTS (KOHA)
Koha item type ЕКнига

Немає доступних примірників.